LEADER 00805nam0 2200229 450 001 000013020 005 20080616150214.0 100 $a20080616d1964----km-y0itay50------ba 101 0 $aeng 102 $aUS 105 $ay-------001yy 200 1 $aEconomic growth and external debt$fedited by Dragoslav Avramovic ... [et al.] 210 $aBaltimore$cThe Johns Hopkins press$dc1964 215 $aXIII, 207 p.$d24 cm 300 $aSul front.: Economic department, International bank for reconstruction and development 610 1 $aDebito estero$aPaesi in via di sviluppo 702 1$aAvramovic,$bDragoslav 801 0$aIT$bUNIPARTHENOPE$c20080616$gRICA$2UNIMARC 912 $a000013020 951 $a111/158$b107/L/CNR$cNAVA2$d2008 996 $aEconomic growth and external debt$9465305 997 $aUNIPARTHENOPE